000 00900nas a2200301 4500
001 BR9213861
003 BR-BrBNA
005 20231205095135.0
007 ta
008 230509b bl.|||p| |||| 00| 00por d
040 _aBR-BrBNA
_bpor
_cBiblioteca Nacional de Agricultura
041 _a(Pt)
072 _aL02; L01
100 1 _aBerto, D.A.
100 1 _aGorni, M.
100 1 _aMoura, M.P. de
100 1 _aCamargo, J.C. de M.
100 1 _aLobao, A. de O.
245 1 _aFeno de aguape (Eichhornia crassipes Solms)no arracoamento de suinos nas fases de crescimento e terminacao
650 _aSUÍNO
650 _aFeno
650 _aBaroneza
650 _aCarcaca
650 _aNutricao Animal
773 0 _tBoletim de Industria Animal (Brazil)
_xISSN 0067-9615
_g(Jan-Jun 1988), v. 45(1) p. 165-174
_wBR9213861
909 _a202311
_bLúcia
_c55
_dLúcia Elande
942 _2AGRIS
_n0
_cANA
999 _c148860
_d148860